000 00813nam a2200229Ia 4500
005 20250108125043.0
008 008 250107s9999 xx 000 0 hin d
020 _a978-93-89191-45-5
037 _aTB
040 _aCRL
_bhin
_cCRL
041 _ahin
_2hin
084 _aZ2,8,54wN52 Q3
084 _qCRL
100 _aभटनागर, अनुपमा, संपा.
245 0 _aमन की बात 100: मेरे प्यारे देशवासियों .......
_cभटनागर, अनुपमा, संपा.
260 _aनई दिल्ली, भारत
_bप्रकाशन विभाग
_c3163
300 _a233पृ0
365 _aINR
_b550
650 _aइतिहास
942 _cTB
_hZ2,8,54wN52 Q3
999 _c1235551
_d1235551